<?xml version="1.0" encoding="UTF-8"?>
<collection xmlns="http://www.loc.gov/MARC21/slim">
 <record>
  <leader>01209nam a22002297a 4500</leader>
  <controlfield tag="001">NCT_74897</controlfield>
  <controlfield tag="008">200221b        xxu||||| |||| 00| 0 vie d</controlfield>
  <datafield tag="999" ind1=" " ind2=" ">
   <subfield code="c">3651</subfield>
   <subfield code="d">3651</subfield>
  </datafield>
  <datafield tag="020" ind1=" " ind2=" ">
   <subfield code="a">9786046620815</subfield>
   <subfield code="c">195000</subfield>
  </datafield>
  <datafield tag="082" ind1="0" ind2="4">
   <subfield code="2">23rd ed.</subfield>
   <subfield code="a">610.72</subfield>
   <subfield code="b">H411/T.1</subfield>
  </datafield>
  <datafield tag="100" ind1="1" ind2=" ">
   <subfield code="a">Lưu Ngọc Hoạt</subfield>
  </datafield>
  <datafield tag="245" ind1="1" ind2="0">
   <subfield code="a">Nghiên cứu khoa học y học </subfield>
   <subfield code="n">Tập 1</subfield>
   <subfield code="p">Phương pháp viết đề cương nghiên cứu</subfield>
   <subfield code="c">Lưu Ngọc Hoạt</subfield>
  </datafield>
  <datafield tag="250" ind1=" " ind2=" ">
   <subfield code="a">Tái bản lần 1 có bổ sung</subfield>
  </datafield>
  <datafield tag="260" ind1=" " ind2=" ">
   <subfield code="a">H.</subfield>
   <subfield code="b">Y học</subfield>
   <subfield code="c">2016</subfield>
  </datafield>
  <datafield tag="300" ind1=" " ind2=" ">
   <subfield code="a">185 tr.</subfield>
   <subfield code="b">hình vẽ</subfield>
   <subfield code="c">27cm</subfield>
  </datafield>
  <datafield tag="500" ind1=" " ind2=" ">
   <subfield code="a">ĐTTS ghi : Trường Đại học Y Hà Nội</subfield>
  </datafield>
  <datafield tag="653" ind1=" " ind2=" ">
   <subfield code="a">Y Đa khoa</subfield>
  </datafield>
  <datafield tag="942" ind1=" " ind2=" ">
   <subfield code="2">ddc</subfield>
   <subfield code="c">BK</subfield>
  </datafield>
  <datafield tag="952" ind1=" " ind2=" ">
   <subfield code="0">0</subfield>
   <subfield code="1">0</subfield>
   <subfield code="2">ddc</subfield>
   <subfield code="4">0</subfield>
   <subfield code="6">610_720000000000000_H411_T_1</subfield>
   <subfield code="7">0</subfield>
   <subfield code="9">18753</subfield>
   <subfield code="a">000001</subfield>
   <subfield code="b">000001</subfield>
   <subfield code="d">2020-02-21</subfield>
   <subfield code="o">610.72 H411/T.1</subfield>
   <subfield code="p">MD.16373</subfield>
   <subfield code="r">2020-02-21</subfield>
   <subfield code="v">195000.00</subfield>
   <subfield code="w">2020-02-21</subfield>
   <subfield code="y">BK</subfield>
  </datafield>
  <datafield tag="952" ind1=" " ind2=" ">
   <subfield code="0">0</subfield>
   <subfield code="1">0</subfield>
   <subfield code="2">ddc</subfield>
   <subfield code="4">0</subfield>
   <subfield code="6">610_720000000000000_H411_T_1</subfield>
   <subfield code="7">0</subfield>
   <subfield code="9">18754</subfield>
   <subfield code="a">000001</subfield>
   <subfield code="b">000001</subfield>
   <subfield code="d">2020-02-21</subfield>
   <subfield code="o">610.72 H411/T.1</subfield>
   <subfield code="p">MD.16374</subfield>
   <subfield code="r">2020-02-21</subfield>
   <subfield code="v">195000.00</subfield>
   <subfield code="w">2020-02-21</subfield>
   <subfield code="y">BK</subfield>
  </datafield>
  <datafield tag="952" ind1=" " ind2=" ">
   <subfield code="0">0</subfield>
   <subfield code="1">0</subfield>
   <subfield code="2">ddc</subfield>
   <subfield code="4">0</subfield>
   <subfield code="6">610_720000000000000_H411_T_1</subfield>
   <subfield code="7">0</subfield>
   <subfield code="9">18755</subfield>
   <subfield code="a">000001</subfield>
   <subfield code="b">000001</subfield>
   <subfield code="d">2020-02-21</subfield>
   <subfield code="o">610.72 H411/T.1</subfield>
   <subfield code="p">MD.16375</subfield>
   <subfield code="r">2020-02-21</subfield>
   <subfield code="v">195000.00</subfield>
   <subfield code="w">2020-02-21</subfield>
   <subfield code="y">BK</subfield>
  </datafield>
  <datafield tag="980" ind1=" " ind2=" ">
   <subfield code="a">Thư viện Trường Đại học Nam Cần Thơ</subfield>
  </datafield>
 </record>
</collection>
